000 01095nam a2200301Ia 4500
001 23114
003 IT-RoPAU
008 130308s9999 xx 000 0 und d
040 _aIT-RoPAU
040 _cIT-RoPAU
041 _aINGLESE
100 _aEek Hilding
100 _gCodice Aut. SPICS: 11168
245 _aPrinciples Governing the Use of the Mass Media as Defined By the United Nations and Unesco
245 _bNational Sovereignty And International Communication
250 _a1a ed.
260 _aUSA
260 _bAblex Publishing Corporation
260 _c1979 [1° Ed.:1979 - Ed.Ling.Originale:1979]
300 _a"22 p. (prefazione: no ; testo: 22 [pagine: 173-194])"
500 _aPrincipi che Governano L'Uso dei Mass Media Secondo la Definizione delle nazioni Unite e dell'Unesco Libertà d'informazione nel Contesto dei Fondamentali Diritti Umani Strumenti in Rapporto Alle notizie e Ai giornalisti promozione della Pace
650 _aDIRITTO GENERALE
650 _eCodice materia Spics: 4601
942 _cBK
957 _71
999 _c46638
_d46638
999 _bSI
999 _g1